| 000 | 00605nam a22001817a 4500 | ||
|---|---|---|---|
| 001 | 000017962 | ||
| 005 | 20200929165309.0 | ||
| 008 | 850828s1958 gw 000 0 ger | ||
| 010 | _a85857497 | ||
| 040 |
_aDO-SdBNP _cDLC _dDLC |
||
| 050 | 0 | 0 | _aMLCS 85/10741 (P) |
| 245 | 0 | 0 |
_aRose aus Asche : _bspanische und spanisch-amerikanische Lyrik seit 1900 / _cherausgegeben und ubertragen von Erwin Walter Palm. |
| 260 |
_aMunchen : _bR. Piper, _c[1958]. |
||
| 300 |
_a76 p. ; _c19 cm. |
||
| 490 | 0 |
_aPiper-Bucherei ; _v79 |
|
| 700 | 1 |
_aPalm, Erwin Walter, _d1910- _938945 |
|
| 910 | _aCatalogación por copia / LC | ||
| 999 |
_c17486 _d17486 |
||